Countries that Start with C - Map Quiz - Statistics

General Stats
  • This quiz has been taken 137 times
  • The average score is 14 of 15
Answers on the Map
Answers color-coded by a green-red scale on the quiz's map according to % correct below.
 
Answer Stats
Country % Correct
Canada
100%
China
100%
Chile
99%
Czechia
96%
Cuba
95%
Colombia
93%
Croatia
93%
Cambodia
92%
Chad
90%
Costa Rica
89%
Cameroon
88%
Central African Republic
83%
Comoros
83%
Cape Verde
80%
Cyprus
80%
No matching quizzes found
Score Distribution
Percent of People with Each Score
Percentile by Number Answered
Your Score History
You have not taken this quiz